Products in Practice: cladding (Record no. 2390)

MARC details
000 -LEADER
fixed length control field 01121cab a2200241 4500
001 - CONTROL NUMBER
control field ABS37374
008 - FIXED-LENGTH DATA ELEMENTS--GENERAL INFORMATION
fixed length control field 090401t xxu||||| |||| 00| 0 eng d
035 ## - SYSTEM CONTROL NUMBER
System control number (Sirsi) u3984
041 ## - LANGUAGE CODE
Language code of text/sound track or separate title eng
245 ## - TITLE STATEMENT
Title Products in Practice: cladding
260 ## - PUBLICATION, DISTRIBUTION, ETC.
Date of publication, distribution, etc. Supplement 25 February 1987(77)
350 ## - PRICE (NR) (BK AM CF MU VM SE) [OBSOLETE]
Price 0
490 ## - SERIES STATEMENT
Series statement Architects` Journal
Volume/sequential designation Supplement 25 February 1987(77)
520 ## - SUMMARY, ETC.
Summary, etc. Supersedes the previous Products in Practice supplement on Cladding s and Sealants (see AJ 31.7.85). Reports on recent developments in cladding technology and examines the properties and use of lightweight external wall cladding in sheet and panel form. Also covers curtain walling , patent glazing , sealants and gaskets . Refers to relevant British Standards and concludes with manufacturers` information and addresses.(Loan)
650 ## - SUBJECT ADDED ENTRY--TOPICAL TERM
Topical term or geographic name entry element GLASS REINFORCED CEMENT
650 ## - SUBJECT ADDED ENTRY--TOPICAL TERM
Topical term or geographic name entry element GLASS REINFORCED PLASTIC
650 ## - SUBJECT ADDED ENTRY--TOPICAL TERM
Topical term or geographic name entry element INSULATION
650 ## - SUBJECT ADDED ENTRY--TOPICAL TERM
Topical term or geographic name entry element METAL SHEETING
650 ## - SUBJECT ADDED ENTRY--TOPICAL TERM
Topical term or geographic name entry element BUILT ENVIRONMENT-BUILDING ELEMENTS-COMPLETE BUILDING ELEMENTS-WALLS
690 ## - LOCAL SUBJECT ADDED ENTRY--TOPICAL TERM (OCLC, RLIN)
Topical term or geographic name as entry element BUILT ENVIRONMENT-BUILDING MATERIALS
942 ## - ADDED ENTRY ELEMENTS (KOHA)
Suppress in OPAC 0
948 ## - LOCAL PROCESSING INFORMATION (OCLC); SERIES PART DESIGNATOR (RLIN)
c (OCLC) 04/03/1997
Holdings
Withdrawn status Lost status Source of classification or shelving scheme Damaged status Not for loan Home library Current library Shelving location Date acquired Total Checkouts Full call number Barcode Date last seen Date last checked out Copy number Price effective from Koha item type
    Dewey Decimal Classification     London London Journal article 14/09/1999 1 ABS37374 30063811 06/08/2019 14/03/2001 1 06/08/2019 Journal article